| 000 | 00755nam a2200229 a 4500 | ||
|---|---|---|---|
| 001 | BRCA_7731 | ||
| 005 | 20190320205951.0 | ||
| 008 | 060913s1950----enka######---#000-0#eng-# | ||
| 041 | _aeng | ||
| 044 | _aenk | ||
| 050 | 4 |
_aNK3720 _b.F54 1950 |
|
| 245 | 1 | 0 |
_aFifty masterpieces _bof pottery, porcelain, glass vessels, stained glass, painted enamels _cVictoria and Albert Museum. |
| 260 |
_aLondres _bH. M. Stationery Office _c1950 |
||
| 300 |
_a103 p. _bil., 50 láminas _c15 cm. |
||
| 500 | _aU78 | ||
| 650 | 1 | 4 |
_aCerámica _vExposiciones _916125 |
| 650 | 1 | 4 |
_aCristalería _vExposiciones _919128 |
| 650 | 1 | 4 |
_aGalerías y museos _vCatálogos _zInglaterra _919129 |
| 710 | 2 |
_aVictoria and Albert Museum (Londres) _919130 |
|
| 902 | _aGFM | ||
| 942 |
_2lcc _cB |
||
| 999 |
_c7405 _d7405 |
||